000 00365nam a2200145Ia 4500
008 230917s9999||||xx |||||||||||||| ||und||
040 _e8169
_aMAIN
041 _aEnglish
082 _a382.1 C784I
100 _aCooper, R N, ed.
245 0 _aInternational finance: Selected reading
260 _aEngland
_bPenguin Books
_c1969
300 _a384 p.
942 _cBK
999 _c113676
_d113676